Amino Acids by Group - Statistics

General Stats
  • This quiz has been taken 275 times
  • The average score is 17 of 20
Answer Stats
Hint Answer % Correct
Aromatic Tryptophan
92%
Aromatic Phenylalanine
90%
Nonpolar Leucine
89%
Nonpolar Isoleucine
86%
Aromatic Tyrosine
86%
Nonpolar Alanine
85%
Polar, Acid Glutamic
85%
Nonpolar Glycine
85%
Polar, Basic Lysine
85%
Polar, Basic Histidine
84%
Nonpolar Valine
84%
Polar, Acid Aspartic
83%
Polar Glutamine
83%
Nonpolar Proline
81%
Polar Serine
80%
Nonpolar Methionine
79%
Polar Asparagine
76%
Polar Cysteine
76%
Polar Threonine
76%
Polar, Basic Arginine
72%
No matching quizzes found
Score Distribution
Percent of People with Each Score
Percentile by Number Answered
Your Score History
You have not taken this quiz